Apink all songs (2011-2023) - Statistics

General Stats
  • This quiz has been taken 8 times
  • The average score is 62 of 127
Answer Stats
Hint Answer % Correct
UNE ANNEE HUSH
100%
Pink LUV LUV
100%
Pink Blossom Mr. Chu
100%
Secret Garden NoNoNo
100%
Pink MEMORY Remember
100%
UNE ANNEE BUBIBU
86%
Copycat (Apink CHOBOM) Copycat
86%
SELF D N D
86%
PERCENT %% (Eung Eung)
86%
Pink UP FIVE
86%
Pink MEMORY I DO
86%
Seven Springs Of Apink I don't know
86%
ONE & SIX I'm so sick
86%
Pink Revolution Only one
86%
Pink LUV Secret
86%
Digital single (1st Debut Anniversary fan song) 0419
71%
Seven Springs Of Apink Boo
71%
Pink Revolution Boom Pow Love
71%
UNE ANNEE BOY
71%
UNE ANNEE Cat
71%
HORN Dilemma
71%
PERCENT Memories
71%
Snow Pink My My
71%
HORN Nothing
71%
Pink MEMORY Perfume
71%
X-mas Season Song PINK CHRISTMAS
71%
Snow Pink Prince
71%
HORN Red Carpet
71%
Secret Garden Secret Garden
71%
Digital single (5th Anniversary fan song) The Wave
71%
UNE ANNEE Une Annee
71%
ONE & SIX A L R I G H T
57%
Digital single (6th Anniversary fan song) Always
57%
Pink MEMORY Attracted to U
57%
Digital single (12th Anniversary fan song) (SELF) Candy
57%
Pink Revolution Catch me
57%
Dear Cause you're my star
57%
Pink Blossom Crystal
57%
Pink Revolution Ding Dong
57%
HORN Dream
57%
Pink Revolution Drummer Boy
57%
LOOK Dumhdurum
57%
Pink UP Evergreen
57%
Pink UP Eyes
57%
Digital single (1000th Day Debut fan song) Good Morning Baby
57%
HORN HOLY MOLY
57%
PERCENT Hug me
57%
UNE ANNEE I GOT YOU
57%
Seven Springs Of Apink It Girl
57%
Pink UP Kok Kok
57%
Snow Pink Like a Dream
57%
Secret Garden Lovely Day
57%
SELF Me, Myself & I
57%
Pink Revolution Oh Yes
57%
Pink MEMORY Petal
57%
ONE & SIX Promise Me
57%
HORN Single Rider
57%
Pink Blossom So Long
57%
UNE ANNEE STEP
57%
Pink Blossom SUNDAY MONDAY
57%
Secret Garden U You
57%
Pink MEMORY A Wonderful Love
43%
Pink MEMORY Dejavu
43%
PERCENT Enough
43%
Digital single (8th Anniversary fan song) Everybody Ready?
43%
Pink Revolution Fairy
43%
HORN Free & Love
43%
Dear Heaven
43%
Digital single (11th Anniversary fan song) I want you to be happy
43%
HORN Just Like This
43%
Pink UP Like!
43%
Pink Stories Love Forever
43%
LOOK Love is Blind
43%
Pink Blossom Love Story
43%
Digital single (7th Anniversary fan song) Miracle
43%
Digital single (9th Anniversary fan song) (LOOK) moment
43%
HORN My oh My
43%
LOOK Overwrite
43%
PERCENT Push & Pull
43%
UNE ANNEE Sky High
43%
Digital single (14th Anniversary fan song) Tap Clap
43%
Digital single (10th Anniversary fan song) Thank you
43%
HORN Trip
43%
Digital single (13th Anniversary fan song) Wait Me There
43%
Pink MEMORY What A Boy Wants
43%
PERCENT What are you doing ?
43%
Seven Springs Of Apink Wishlist
43%
SELF Withcha
43%
LOOK Yummy
43%
5th Japanese single Brand New Days
29%
7th Japanese single Bye Bye
29%
Dear Cliché
29%
ONE & SIX Don't be silly
29%
Copycat (Apink CHOBOM) Feel Something
29%
ONE & SIX Forever Star
29%
Snow Pink He's my baby
29%
ONE & SIX I Like That Kiss
29%
Pink LUV I'm Not an Angel
29%
Secret Garden I Need You
29%
Dear It's You
29%
Dear Miss U
29%
Pink LUV My Darling
29%
Pink Doll My First Love
29%
Pink LUV Once Upon a Time
29%
Copycat (Apink CHOBOM) Oscar
29%
Digital single (4th Anniversary fan song) Promise U
29%
Pink Doll Shining Star
29%
Pink Revolution To. Us
29%
Pink LUV Wanna Be
29%
Snow Pink Yeah
29%
Pink Stories Dahlia
14%
Pink Stories Darling
14%
Pink Stories Happy Ending
14%
Pink Stories Hello Hello
14%
8th Japanese single I'm in Love
14%
Pink Stories Love Shoot!
14%
8th Japanese single Motto Go!Go!
14%
9th Japanese single Orion
14%
7th Japanese single PapipupePON!
14%
9th Japanese single Rainbow
14%
6th Japanese single Summer Time
14%
6th Japanese single Sunshine Girl
14%
LOOK Be Myslef
0%
Dear Dear
0%
Pink Doll Fanfare!
0%
Pink Doll If I....
0%
Pink Doll Let's make sweet love
0%
No matching quizzes found
Score Distribution
Percent of People with Each Score
Percentile by Number Answered
Your Score History
You have not taken this quiz